DeLand Middle School advisor-advisee program activity plan : eighth grade /

Bibliographic Details
Corporate Authors: DeLand Middle School (DeLand, Fla.), Volusia County (Fla.). School Board
Format: Microform Book
Language:English
Published: [DeLand, Fla.] : [School Board of Volusia County], 1988.
Series:Kraus Curriculum Development library ; GCE 8-006.
Subjects:

MARC

Tag First Indicator Second Indicator Subfields
LEADER 00000cam a2200000 a 4500
001 in00001287939
005 20151004085209.0
007 he bmb024baca
008 940322s1988 flua b l000 0 eng d
035 |a (OCoLC)29996782 
035 |9 AGZ3743AM 
040 |a WK9  |c WK9  |d UtOrBLW 
049 |a TXAI 
099 |a Fiche   |a  C   |a  3276 ; GCE 8-006). 
245 0 0 |a DeLand Middle School advisor-advisee program activity plan :  |b eighth grade /  |c DeLand Middle School. 
264 1 |a [DeLand, Fla.] :  |b [School Board of Volusia County],  |c 1988. 
300 |a 1 volume (various pagings) :  |b illustrations 
336 |a text  |b txt  |2 rdacontent 
337 |a microform  |b h  |2 rdamedia 
338 |a microfiche  |b he  |2 rdacarrier 
500 |a "July, 1988." 
500 |a Grade 8. 
533 |a Microfiche.  |b Millwood, N.Y. :  |c Kraus International Publications,  |d 1991.  |e 2 microfiches.  |f (Kraus curriculum development library ; GCE 8-006). 
500 |a Microform. 
650 0 |a Counseling in middle school education. 
650 4 |a Career awareness. 
650 4 |a Decision making/problem solving. 
650 4 |a Needs Assessment. 
650 4 |a Personality/adjustment. 
650 4 |a Self-concept. 
650 4 |a Values. 
710 2 |a DeLand Middle School (DeLand, Fla.) 
710 1 |a Volusia County (Fla.).  |b School Board. 
740 0 |a Advisor-advisee program activity plan. 
830 0 |a Kraus Curriculum Development library ;  |v GCE 8-006. 
999 |a MARS 
999 f f |s 9eb32b52-1d06-38ff-b6ee-cc6605442a5a  |i b87b9f6e-e3db-3445-8806-db56ee62854a  |t 0 
952 f f |p normal  |a Texas A&M University  |b College Station  |c Sterling C. Evans Library  |d Evans: Microforms Fiche (3rd floor)  |t 0  |e Fiche C 3276 GCE 8-006  |h Other scheme  |i microform -- microfiche  |m A14821708856 
998 f f |a Fiche C 3276 GCE 8-006  |t 0  |l Evans: Microforms Fiche (3rd floor)